UM Logo

Effectiveness of Peace and Order in Barangay Zone I, Jumao-as Digos City Based in time Performance of Barangay Officials S.Y. 2014-2015. (Record no. 6796)

MARC details
000 -LEADER
fixed length control field 00647nam a22001577a 4500
008 - FIXED-LENGTH DATA ELEMENTS--GENERAL INFORMATION
fixed length control field 170428b xxu||||| |||| 00| 0 eng d
082 ## - DEWEY DECIMAL CLASSIFICATION NUMBER
Edition number 2016
Classification number UT 0775
Item number D29
100 ## - MAIN ENTRY--PERSONAL NAME
9 (RLIN) 20590
Personal name Davis, Shye F.
245 ## - TITLE STATEMENT
Title Effectiveness of Peace and Order in Barangay Zone I, Jumao-as Digos City Based in time Performance of Barangay Officials S.Y. 2014-2015.
Statement of responsibility, etc. Shye F. Davis, Marsan E. Cabardilla and Francis Lyn M. Cariaga.
300 ## - PHYSICAL DESCRIPTION
Extent 48 pages;
Other physical details 29 cm.
650 #0 - SUBJECT ADDED ENTRY--TOPICAL TERM
9 (RLIN) 20591
Topical term or geographic name as entry element Criminology
General subdivision Undergraduate Thesis.
700 ## - ADDED ENTRY--PERSONAL NAME
9 (RLIN) 20592
Personal name Davis, Shye F.
700 ## - ADDED ENTRY--PERSONAL NAME
9 (RLIN) 20593
Personal name Cabardilla, Marsan Lyn M.
700 ## - ADDED ENTRY--PERSONAL NAME
9 (RLIN) 20594
Personal name Cariaga, Francis Lyn M.
942 ## - ADDED ENTRY ELEMENTS (KOHA)
Source of classification or shelving scheme Dewey Decimal Classification
Koha item type Undergraduate Thesis
Holdings
Withdrawn status Lost status Source of classification or shelving scheme Damaged status Not for loan Home library Current library Date acquired Total Checkouts Full call number Barcode Date last seen Copy number Price effective from Koha item type
    Dewey Decimal Classification     UM Digos College - LIC UM Digos College - LIC     UT 0775 D29 2016 UT0775 04/28/2017 1 04/28/2017 Undergraduate Thesis